[Event "Baden-ch U16"]
[Site "Karlsruhe Durlach"]
[Date "2012.01.02"]
[Round "1"]
[White "Engesser, Jonas"]
[Black "Firat, Kaan"]
[Result "0-1"]
[WhiteElo "1662"]
[BlackElo "1283"]
[PlyCount "76"]
[EventDate "2012.01.02"]
[EventType "swiss"]
[EventRounds "7"]
[EventCountry "GER"]
[SourceTitle "EXT 2015"]
[Source "ChessBase"]
[SourceDate "2014.11.20"]
[SourceVersion "1"]
[SourceVersionDate "2014.11.20"]
[SourceQuality "1"]

1. e4 c5 2. Nf3 e6 3. d4 cxd4 4. Nxd4 Nc6 5. Nc3 Nf6 6. Be3 Bb4 7. Bd3 a6 8. 0-0 Bxc3 9. bxc3 d5 10. Nxc6 bxc6 11. e5 Nd7 12. Qg4 g6 13. f4 h5 14. Qg3 Rg8 15. f5 exf5 16. Rxf5 h4 17. Qg5 Qxg5 18. Rxg5 Nf8 19. Rf1 Nh7 20. Rb1 Nxg5 21. Bxg5 Kd7 22. Bxh4 Kc7 23. Be7 Ra7 24. Bd6+ Kd7 25. c4 Ke6 26. cxd5+ cxd5 27. Be2 f5 28. c4 Re8 29. cxd5+ Kxd5 30. Rb6 Rh7 31. Bd1 g5 32. Bb3+ Kd4 33. Rb4+ Ke3 34. Bd5 Be6 35. Bc5+ Kd2 36. Rd4+ Kc1 37. Rc4+ Kb1 38. Ba3 Bxd5 0-1

[Event "GER-ch Net qual2 U14"]
[Site "Playchess.com INT"]
[Date "2011.05.04"]
[Round "5"]
[White "Lerch, Philipp"]
[Black "Firat, Kaan"]
[Result "1-0"]
[WhiteElo "2177"]
[BlackElo "1529"]
[PlyCount "161"]
[EventDate "2011.05.04"]
[EventType "swiss (blitz)"]
[EventRounds "7"]
[EventCountry "GER"]
[SourceTitle "CBM 142 Extra"]
[Source "ChessBase"]
[SourceDate "2011.06.27"]
[SourceVersion "1"]
[SourceVersionDate "2011.06.27"]
[SourceQuality "1"]

1. e4 c5 2. Nf3 Nc6 3. Bb5 e6 4. Bxc6 bxc6 5. 0-0 d5 6. d3 dxe4 7. dxe4 Qxd1 8. Rxd1 Nf6 9. e5 Nd7 10. c4 f6 11. Bf4 fxe5 12. Nxe5 Nxe5 13. Bxe5 Bd7 14. Nc3 0-0-0 15. Ne4 Rg8 16. Rd2 Be8 17. Rxd8+ Kxd8 18. Rd1+ Kc8 19. Nd6+ Bxd6 20. Bxd6 Bh5 21. Re1 Rd8 22. Bxc5 Rd1 23. Rxd1 Bxd1 24. Bxa7 Be2 25. Bd4 Bxc4 26. b3 Bd3 27. Bxg7 Bb1 28. a3 Ba2 29. b4 Kb7 30. g4 Bb1 31. h4 Kb6 32. h5 Kb5 33. g5 Ka4 34. Bf8 Kb3 35. Kg2 e5 36. Kf3 e4+ 37. Ke3 Kc3 38. g6 hxg6 39. h6 g5 40. h7 g4 41. h8Q+ Kb3 42. Qa1 Bd3 43. Bg7 Ka4 44. Qb2 g3 45. fxg3 Bb5 46. Qd4 Kxa3 47. Qb2+ Ka4 48. Bc3 Bd3 49. b5 c5 50. Qb4+ cxb4 51. b6 bxc3 52. b7 c2 53. Kd2 e3+ 54. Kxd3 c1Q 55. b8Q Qd2+ 56. Ke4 Qg2+ 57. Kxe3 Qg1+ 58. Kf4 Qf1+ 59. Kg4 Qc4+ 60. Qf4 Kb5 61. Qxc4+ Kxc4 62. Kf5 Kd5 63. g4 Kd6 64. Kf6 Kd7 65. Kf7 Kd8 66. g5 Kd7 67. g6 Kd6 68. g7 Ke5 69. g8Q Kf5 70. Qg3 Ke4 71. Qg5 Kd4 72. Qf5 Ke3 73. Qg4 Kf2 74. Qh3 Kg1 75. Qf3 Kh2 76. Qg4 Kh1 77. Kf6 Kh2 78. Kf5 Kh1 79. Kf4 Kh2 80. Kf3 Kh1 81. Qg2# 1-0